Statistics for Ships Sunk during WWII

Click here to take the quiz!

General Stats

  • This quiz has been taken 56 times
    (50 since last reset)
  • The average score is 27 of 442

Answer Stats

ShipCasualties% Correct
Bismarck2,000+
88%
Hood1,415
75%
Arizona1,177
70%
Yamato2,498
60%
Tirpitz950 - 1,204
58%
Scharnhorst1,932
50%
Prince of Wales327
43%
Hornet140
40%
Kaga811
40%
Royal Oak833
40%
Wasp193
38%
Musashi1,023
35%
Wilhelm Gustloff~9,343
33%
Fusō1,400 - 1,600
30%
Kongō1,200
30%
Sōryū711
30%
Barham861
28%
Indianapolis880
28%
Repulse513
28%
Roma1,393
28%
St. Lo143
28%
Eagle131
25%
Mount Hood350
25%
Mutsu1,121
25%
Shōkaku1,272
25%
Yamashiro1,390
25%
Hiei188
23%
Oklahoma429
23%
Shinano1,435
23%
Blücher830
20%
Kirishima212
20%
Zuikaku842
20%
Bismarck Sea318
18%
Bretagne977
18%
Gambier Bay130
18%
Glorious1,515
18%
Houston707
18%
Karlsruhe970
18%
Maya336
18%
Princeton108
18%
Quincy370
18%
Vincennes332
18%
Zara799
18%
Astoria219
15%
Fiji241
15%
Goya6,000 - 7,000
15%
Hermes307
15%
Hoel253
15%
Juneau687
15%
Mikuma650
15%
Perth353
15%
Sydney645
15%
Taihō1,650
15%
Unryū1,239
15%
Courageous518
13%
Helena168
13%
Mogami192
13%
Ōi153
13%
Ommaney Bay95
13%
Pola336
13%
Sendai184
13%
Taiyō747
13%
Trento570
13%
Ashigara1,300
10%
Atago360
10%
Audacity73
10%
Avenger516
10%
Chikuma1,400
10%
Dasher379
10%
Fubuki110
10%
Furutaka143
10%
Gloucester722
10%
Grom59
10%
Hiyō247
10%
Johnston186
10%
Jun'yō Maru5,620
10%
Kelly128
10%
Kuma138
10%
Liscome Bay644
10%
Nachi807
10%
Nagara349
10%
Neptune766
10%
Tama450
10%
Ural Maru2,000
10%
Abukuma250
8%
Armenia5,000 - 7,000
8%
Bunker Hill390
8%
Calcutta116
8%
Centaur268
8%
Chūyō1,250
8%
Cooper191
8%
De Ruyter345
8%
Fuso Maru1,384
8%
Hawaii Maru2,134
8%
Hull202
8%
Isuzu190
8%
Java512
8%
Kinugasa511
8%
Lancastria4,000 - 6,500
8%
Naka240
8%
Natori330
8%
Nisshin1,085
8%
Oboro202
8%
Ōyodo300
8%
Peary88
8%
Penelope415
8%
Rich91
8%
Sagiri121
8%
Shinyo1,130
8%
Sims176
8%
Tamatsu Maru4,406 - 4,755
8%
Tango Maru3,000
8%
Tatsuta Maru1,421
8%
Toyama Maru5,400
8%
Yahagi445
8%
Yoshino Maru2,495
8%
Akitsu Maru2,046
5%
Almeda Star360
5%
Arandora Star800
5%
Arisan Maru1,772
5%
Armando Diaz484
5%
Athenia118
5%
Awa Maru2,003
5%
Bonaventure139
5%
Bullhead84
5%
Bush87
5%
Ceramic655
5%
Charybdis464
5%
Chitose903
5%
Chiyoda1,470
5%
Conte Rosso1,297
5%
Curacoa239
5%
Daring157
5%
De Haven167
5%
Diana336
5%
Dunedin419
5%
Edogawa Maru2,114
5%
Empress of Canada392
5%
Fiume214 | 814
5%
Galatea469
5%
Galilea1,050
5%
Hydra42
5%
Jaguar193
5%
Kamakura Maru2,035
5%
Kashii621
5%
Katori315
5%
Khedive Ismail1,302
5%
Komet251
5%
Lima Maru2,765
5%
Lisbon Maru846
5%
Mayasan Maru3,356
5%
Monssen130
5%
Montevideo Maru1,122
5%
Nikkin Maru3,219
5%
Orion150
5%
Petrella2,670
5%
Pillsbury116
5%
Pinguin555
5%
Rakuyo Maru1,159
5%
Rio de Janeiro200
5%
Ryusei Maru4,998
5%
Sakito Maru2,475
5%
Shinonome230
5%
Shiratsuyu104
5%
Stanley95
5%
Steuben3,608 - 4,500
5%
Struma768
5%
Tamahoko Maru595+
5%
Teia Maru2,665
5%
Teiyo Maru1,915
5%
Tsushima Maru1,508
5%
Uranami103
5%
Wakeful724
5%
Yasukuni Maru1,188
5%
Yoshida Maru No. 12,669
5%
Yūgure210
5%
Z16 Friedrich Eckoldt341
5%
Z35262
5%
Z36278
5%
Abosso362
3%
Achates113
3%
Afridi101
3%
Akagi Maru1,309
3%
Akikaze154
3%
Andrea Sgarallino300 - 330
3%
Asagiri122
3%
Asama Maru440
3%
Asashio226
3%
Athabaskan128
3%
Aviere220
3%
Baependy270
3%
Bartolomeo Colleoni121
3%
Barton164
3%
Birmingham239
3%
Bramble120
3%
Broadwater44
3%
Calabria360
3%
Cap Arcona4,800
3%
City of Benares260
3%
Cossack159
3%
Doggerbank364
3%
Domala108
3%
Dorchester672
3%
Duncan81
3%
Eclipse253
3%
Eidsvold175
3%
Emma343
3%
Espero205
3%
Exmouth192
3%
Fidelity369
3%
Forfar173
3%
Franklin724
3%
Giovanni delle Bande Nere381
3%
Gwin61
3%
Hansa84
3%
Harusame74
3%
Hatsuyuki120
3%
Hecla279
3%
Hisagawa Maru2,285
3%
Hofuku Maru1,047
3%
Hunter112
3%
Ilmarinen271
3%
Iosif Stalin3,849
3%
Isaac Sweers108
3%
Janus162
3%
Jarvis233
3%
Jervis Bay198
3%
Kisaragi154
3%
Kishinami90
3%
Kortenaer56 - 59
3%
K XVI36
3%
Laconia1,649
3%
Lady Hawkins251
3%
Laforey182
3%
Lenin950 - 4,600
3%
Leopoldville819
3%
Luce126
3%
Maddox210
3%
Maikaze240
3%
Margaree142
3%
Mario Roselli1,302
3%
Martin161
3%
Mazur40
3%
Michel290
3%
Mizuho101
3%
Momi211
3%
Monaghan256
3%
Muzio Attendolo188
3%
Naganami156
3%
Nenohi188
3%
Nerissa207
3%
Norge101
3%
Nova Scotia808
3%
Oigawa Maru1,229
3%
Oria4,074
3%
Paganini195
3%
Palatia986
3%
Piet Hein64
3%
Pluton186
3%
Punjabi49
3%
Reid103
3%
Reuben James115
3%
Rigel2,575
3%
Rohna1,138
3%
Rooseboom500
3%
Saetta170
3%
Samuel B. Roberts90
3%
Sazanami153
3%
Scillin866 - 885
3%
Sebastiano Venier320
3%
Shirakumo219
3%
Shuntien800 - 1,000
3%
Sinfra2,098
3%
Spence317
3%
Strong46
3%
Tamanami228
3%
Tanikaze114
3%
Tembien497
3%
Thielbek2,750
3%
Truxtun110
3%
Unyō239
3%
Urakaze307
3%
Usugumo219
3%
Uzuki175
3%
Van Nes68
3%
Yamakaze226
3%
Yoma484
3%
Abukir200+
0%
Acheron196
0%
Aguila152
0%
Aikoku Maru945
0%
Alberico da Barbiano534
0%
Alberto da Giussano283
0%
Aldenham128
0%
Alvise Da Mosto138
0%
Andrea Gritti347
0%
Anselm254
0%
Antonio Da Noli218
0%
Antoniotto Usodimare141
0%
Ardente118
0%
Ariosto158
0%
Artigliere132
0%
Asashimo326
0%
Ascari474
0%
Atik141
0%
Aventino800 - 900+
0%
Avoceta123
0%
Barøy112
0%
Blean89
0%
Boadicea176
0%
Bombardiere175
0%
Brownson108
0%
Calitea155
0%
Capel76
0%
Caribou138
0%
Caterina Costa549+
0%
Charles Henderson376
0%
Cigno103
0%
Città di Bastia150
0%
Città di Catania256
0%
Città di Genova173
0%
Città di Messina432
0%
City of Pretoria145
0%
Corregidor925
0%
Corsaro187
0%
D’Annunzio~290
0%
Derrycunihy208
0%
Diocleziano300 - 700
0%
Drava54
0%
Drexler158
0%
Dubac~200
0%
Dubrovnik~100
0%
Duchess124
0%
Duino165
0%
Egret194
0%
Emanuele Pessagno159
0%
Emmons60
0%
Empire Comet44
0%
Empire Dabchick47
0%
Empire Dace45
0%
Empire Endurance66
0%
Empress of Britain45
0%
Erinpura799
0%
Exmoor104
0%
Fabio Filzi208
0%
Firedrake118
0%
Folgore124
0%
Foylebank176
0%
Francesco Stocco102
0%
Fulmine141
0%
Gaetano Donizetti1,800+
0%
Gino Allegri280+
0%
Giosuè Carducci171
0%
Giudecca67
0%
Gladiolus66
0%
Grecale~110
0%
Grove110
0%
Halligan162
0%
Hayanami208
0%
Hayate168
0%
Indigirka741
0%
John Burke68
0%
Kazagumo95
0%
Kiyonami228
0%
Lago Tana215
0%
Lampo141
0%
Lanciere226
0%
Lansdale49
0%
Lanzerotto Malocello520
0%
Laurentic49
0%
Leone Pancaldo199
0%
Leopardi176
0%
Loreto124
0%
Louise Lykes83
0%
LST-531636
0%
Lupo135
0%
Mannert L. Abele73
0%
Marigold40
0%
Mary Luckenbach54 - 73
0%
Mashona48
0%
McKean116
0%
Mefküre305
0%
Meredith180
0%
Minazuki109
0%
Mindanao82
0%
Mississinewa63
0%
Mohamed Ali El-Kebir96
0%
Mohawk43
0%
Monrosa148
0%
Morrison152
0%
Neches57
0%
Neptuna45
0%
Nereus61
0%
Nichiryu Maru361
0%
Nicoloso Da Recco118
0%
Nino Bixio434
0%
Nokaze209
0%
Numakaze148
0%
O 1334
0%
O 1641
0%
O 2246
0%
Oite695
0%
Orcades45
0%
Patria260
0%
Paul Hamilton580
0%
Penylan41
0%
Perseo133
0%
Pollux93
0%
Preston116
0%
Quintino Sella198 - 300
0%
Quorn130
0%
Rajputana42
0%
Rawalpindi238
0%
Refah139
0%
Rosaura78
0%
Rovereto106
0%
Salvia106 - 206+
0%
San Marco120
0%
Santa Lucia106
0%
Scirocco234
0%
Seaforth57
0%
Serpens255
0%
Siberia Maru95
0%
Sperone~150
0%
Sphinx49
0%
Tabarca233
0%
Tagliamento120+
0%
Taimei Maru200
0%
Twiggs152
0%
Ukishima Maru549
0%
Umona102
0%
Underhill112
0%
Uragano114
0%
Van Meerlant42
0%
Vega122
0%
Victoria409
0%
Vieniba800
0%
Vittorio Alfieri210
0%
Vyner Brooke125
0%
Z1 Leberecht Maass280
0%
Z3 Max Schultz308
0%

Score Distribution

Percentile by Number Answered

Percent of People with Each Score

Your Score History

You have not taken this quiz since the last reset